1648 1450 1918 1689 1478 1578 1516 1191 1123 1407 1233 1683 1171 1409 1300 1148 1120 1905 1451 1998 1694 1917 1204 1573 1073 1123 1568 1955 1207 1070 1225 1455 1817 1384 1954 1196 1958 1857 1222 1489 1410 1602 1419 1717 1921 1133 1006 1492 1949 1090 1258 1549 1400 1377 1837 1918 1479 1224 1077 1524 1728 1143 1245 1557 1512 1095 1935 1987 1050 1957 1229 1133 1395 1606 1298 1470 1787 1760 1249 1225 1964 1531 1966 1232 1881 1904 1064 1819 1394 1932 1555 1718 1013 1374 1795 1023 1922 1656 1072 BCNSPRNW ULIB Ver.6.0+V

เปลี่ยนเป็นภาษาไทย

Change to English
 แสดงรายละเอียดบรรณานุกรม
  กลับหน้าหลัก

Brief Record : Get Marc (ISO 2709) : E-mail record : QR code < ปิดหน้าต่าง
LEADER : 00000nam 2200000uu 4500
001    13399109299
003     ULIB
008    110328s2548||||th 000 0 tha d
020    9744659084
060 04 WA546^bส698น 2548
245 00 คู่มือการพัฒนาศูนย์สุขภาพชุมชน :^b(หน่วยบริการปฐมภูมิ :PUC) /^cบรรณาธิการ, สำเริง แหยงกระโทก, รุจิรา มังคละศิริ
250    พิมพ์ครั้งที่ 2
260    นครราชสีมา :^bศูนย์ฝึกอบรมและพัฒนาสาธารณสุขนครราชสีมาสำนักงานสาธารณสุขจังหวัดนครราชสีมา,^c2548
300    216 หน้า :^bภาพประกอบ ;^c28 ซม.
650  7 สถานบริการสาธารณสุข
650  7 สุขภาพ
650  7 ศูนย์สุขภาพชุมชน
700 0  สำเริง แหยงกระโทก,^eบรรณาธิการ
700 0  รุจิรา มังคละศิริ,^eบรรณาธิการ
710 2  สำนักงานสาธารณสุขจังหวัดนครราชสีมา.^bศูนย์ฝึกอบรมและพัฒนาสาธารณสุขนครราชสีมา
995     ทศพร
999 ^a ใช้งานได้ทุกระบบ
รายการนี้ยังไม่มีแท็ก
คุณยังไม่ได้ล็อกอิน คุณสามารถมีกิจกรรมร่วมกับเว็บไซต์ได้ แต่ต้องล็อกอินก่อน ::
  ล็อกอิน

รายการสื่อสารสนเทศ

ลำดับที่ ประเภท เลขเรียก/บาร์โค้ด สถานที่ สถานะ
- ไม่พบข้อมูล -

รายการใกล้เคียง
    หัวเรื่อง [สถานบริการสาธารณสุข]
    หัวเรื่อง [สุขภาพ]
    หัวเรื่อง [ศูนย์สุขภาพชุมชน]

BibComment


ยังไม่เคยถูกคอมเมนท์

คอมเมนท์ทรัพยากรรายการนี้
  คอมเมนท์: คู่มือการพัฒนาศูน..


 Copyright 2026. Bcnsprnw @Library